01908nam a22002057a 4500003001700000005001700017008004100034020001800075040000700093041001200100082001700112100001400129245004400143260004100187300002900228365006200257520132400319650003701643700002201680St Aloysius Coll20250911105612.0250911b |||||||| |||| 00| 0 eng d a9788126918270 cAL aEnglish a301.01bSINC aSinha M P aCritical theoriesb: Indian and western aNew DelhibAtlantic Publishersc2013 axii,272p.bHBc22.5x15cm 2Generala3065b₹636.00c₹d₹795.00e20%f22/08/2025 aCritical theories: Indian and Western presents a reasonably comprehensive account of the basic concepts in Indian and Western literary criticism. The aim of the book is to acquaint the students of M.A. (English literature) with the latest critical theories in the West and their practical application in the analysis and Interpretation of texts. The following authors and critical theories have been discussed: 1. Indian poetics: Bharat, dandin, bhamaha, Vamana, anandavardhana, Abhinavagupta and Karnataka. 2. Greek and Latin criticism: Aristotle, Horace and longinus. 3. Neo-classical criticism: Sidney, Dryden, Pope and Johnson. 4. Nineteenth century criticism: Wordsworth, Coleridge, Shelley and Arnold. 5. Modern British and American criticism: Eliot, Richards, leavis, formalism and Chicago criticism. 6. Contemporary criticism: psycho-analytic criticism, myth criticism, Russian formalism, structuralism/ Post-Structuralism, rezeption-aesthetic, post-colonial theory and feminist criticism. An important aspect of this book is that Sanskrit or Indian poetics has been discussed for the benefit of the students of English literature and so, references to and comparison with Western theories are frequently made. It will be useful for the students and teachers of English literature and researchers in this field. 2Philosophy and TheoryaSociology aAgnihotri, Neeraj